000 00724nam a2200277Ia 4500
001 9308
005 20240113234159.0
007 ta
008 130403s ii a g b000 u 465 u
040 _aCotton College,Assam
041 _aeng
082 _a821.91
_bR 618 N
100 _aRodman, Selden .
245 0 _aA New Anthology of Modern Poetry /
_cSelden Rodman.
_hTextual Documents
250 _a1st ed. /
260 _aNew York :
_bModern Library ,
_cnd.
300 _axxvi, 488p. :
_bill. ;
_c20cm .
504 _aIndex
653 _aEnglish Poetry-Collections
653 _aG-English
653 _aMS-English
942 _2ddc
_cBK
999 _c9295
_d9295